=LDR 00000nam 2200000 4500 =001 000167 =020 $9786020808994 =082 $633.800 =100 $$a Keen Achroni =245 $$a Cara cerdas budidaya jahe panen maksimal /$c Keen Achroni =250 $Cetakan I =264 $Yogyakarta: Trans Idea Publishing 2024 =300 $120 halaman; 21 cm. =650 $Tanaman Ladang =905 $633.8 KEE c =336 $$a =337 $$a =338 $$a =005 20260702151432.0 =008 260702s2026\\\\\\\\\\\\\\\\\\\\\\\\\\\\\\\\\\\\\\\\\